000 00599cab a2200205 4500
001 WB3317-07
008 090401t1997 xxu||||| |||| 00| 0 eng d
035 _a(Sirsi) u78107
041 _aeng
245 _aProperty myths: rising damp
260 _c1997
350 _a0
490 _aDaily Telegraph
_v30 April 1997, 39(1)
520 _aRising damp only counts for 10% of dampness in homes according to the BRE. Looks at myths associated with rising damp.
650 _aBRE
650 _aRISING DAMP
690 _aBUILT ENVIRONMENT-BUILDING PATHOLOGY
942 _n0
948 _c01/05/1997
999 _c49147
_d49147